00338pab a2200121 454500008004000000100001900040245006300059260000900122300001400131362001100145650001800156773004200174180718b2009 xxu||||| |||| 00| 0 eng d aMunck, Ronaldo aGlobalization as the new imperialism (a book review essay) c2009 ap.380-88. aSummer aGlobalization aReview of Radical Political Economics